000 00559nam a2200217Ia 4500
003 OSt
005 20220924143118.0
006 a|||||r|||| 00| 0
007 ta
008 220923b |||||||| |||| 00| 0 pur d
024 _a306691
037 _cTextual
040 _aARTS
_cARTS
_bpur
041 _2pur
_apur
082 _aP164:4K, 168G0
100 _aMohammad Munir
_9206905
245 0 _aLamaat-e-munir yani munirul loghat
260 _c1930
942 _hP164:4K, 168G0
_cTEXL
_2CC
999 _c453180
_d453180